| 000 | 00700nam a2200229 a 4500 | ||
|---|---|---|---|
| 001 | BRCA_5293 | ||
| 005 | 20190320205024.0 | ||
| 008 | 021210s1955----nyua######---#000-0#eng-# | ||
| 041 | _aeng | ||
| 044 | _anyu | ||
| 050 | 4 |
_aND813 _b.G69 1955 |
|
| 100 | 1 |
_aTrapier, Elizabeth du Gué _913572 |
|
| 245 | 1 | 0 |
_aGoya _ba study of his portraits 1797-99 _cby Elizabeth du Gué Trapier. |
| 260 |
_aNueva York _bThe Hispanic Society of America _c1955 |
||
| 300 |
_a33 p. _bil., 34 láminas _c22 cm. |
||
| 500 | _aM6 | ||
| 610 | 2 | 4 |
_aGoya y Lucientes, Francisco José de _y1746 - 1828 _913573 |
| 650 | 1 | 4 |
_aRetratos españoles _913574 |
| 650 | 1 | 4 |
_aPintores españoles _97620 |
| 902 | _aGFM | ||
| 942 |
_2lcc _cB |
||
| 999 |
_c4987 _d4987 |
||